Sietecuentos

Gorde:
Xehetasun bibliografikoak
Egile nagusia: Durand, Luis (Egilea)
Formatua: Liburua
Hizkuntza:gaztelania
Argitaratua: Santiago Nascimento 1958
Gaiak:
Etiketak: Etiketa erantsi
Etiketarik gabe, Izan zaitez lehena erregistro honi etiketa jartzen!

MARC

LEADER 00000nam a2200000 a 4500
001 UCQ4496
003 CL-VaPUC
008 980904e19580000CL |||||||||||||||||spa|d
082 0 4 |a Ch863  |b DUR  |2 21 
100 0 |a Durand, Luis  |e author  |9 360229 
245 1 0 |a Sietecuentos 
300 |a 148 p 
942 |c BK 
945 |d 19980904 00:00:00  |a lriquelm 
260 |a Santiago  |b Nascimento  |c 1958 
650 0 |a Cuentos chilenos   |9 308280 
650 0 |a Literatura chilena   |9 308278 
583 |a last modification  |c 19980904 00:00:00  |k Rodrigo Vera 
999 |c 274870  |d 274868 
952 |0 0  |1 0  |4 0  |6 CH_863_000000000000000_DUR_1958  |7 0  |8 A  |9 311231  |a BIBEDU  |b BIBEDU  |c ES_NOD  |d 2019-11-20  |i 1462288  |o Ch863 DUR 1958  |p 1462288  |r 2023-08-09  |w 2019-11-20  |y BK  |k LIT